<?xml version="1.0" encoding="UTF-8"?>
<record
    xmlns:xsi="http://www.w3.org/2001/XMLSchema-instance"
    xsi:schemaLocation="http://www.loc.gov/MARC21/slim http://www.loc.gov/standards/marcxml/schema/MARC21slim.xsd"
    xmlns="http://www.loc.gov/MARC21/slim">

  <leader>00772nam a22001817a 4500</leader>
  <controlfield tag="008">111109t        xxu||||| |||| 00| 0 eng d</controlfield>
  <datafield tag="020" ind1=" " ind2=" ">
    <subfield code="a">0072377690 9780072377699</subfield>
  </datafield>
  <datafield tag="050" ind1=" " ind2=" ">
    <subfield code="a">HB87.G93</subfield>
  </datafield>
  <datafield tag="100" ind1=" " ind2=" ">
    <subfield code="a">Guel, Roberto C.</subfield>
  </datafield>
  <datafield tag="245" ind1=" " ind2=" ">
    <subfield code="a">Study guide for use with issues in economics today / </subfield>
    <subfield code="c"> Roberto C. Guel</subfield>
  </datafield>
  <datafield tag="260" ind1=" " ind2=" ">
    <subfield code="a">Boston:</subfield>
    <subfield code="b">McGraw Hill;</subfield>
    <subfield code="c">2002.</subfield>
  </datafield>
  <datafield tag="300" ind1=" " ind2=" ">
    <subfield code="a">x, 423 p. </subfield>
    <subfield code="b">ill.</subfield>
    <subfield code="c">28cm</subfield>
  </datafield>
  <datafield tag="500" ind1=" " ind2=" ">
    <subfield code="a">Includes index.</subfield>
  </datafield>
  <datafield tag="505" ind1=" " ind2=" ">
    <subfield code="a">Contents: Macroeconomic issues -- International issues -- Externalities and market failure -- Health issues -- Governmental solutions to social problems -- Discrimination issues -- Price control issues -- Miscellaneous markets.</subfield>
  </datafield>
  <datafield tag="650" ind1=" " ind2=" ">
    <subfield code="a">Economics </subfield>
    <subfield code="x">Study guides. </subfield>
  </datafield>
  <datafield tag="650" ind1=" " ind2=" ">
    <subfield code="a">Economics</subfield>
    <subfield code="x">Problems, exercises, etc.</subfield>
  </datafield>
  <datafield tag="942" ind1=" " ind2=" ">
    <subfield code="2">lcc</subfield>
    <subfield code="c">BK</subfield>
  </datafield>
  <datafield tag="999" ind1=" " ind2=" ">
    <subfield code="c">258</subfield>
    <subfield code="d">7758</subfield>
  </datafield>
  <datafield tag="952" ind1=" " ind2=" ">
    <subfield code="0">0</subfield>
    <subfield code="1">0</subfield>
    <subfield code="2">lcc</subfield>
    <subfield code="4">0</subfield>
    <subfield code="7">0</subfield>
    <subfield code="a">WIUC-1</subfield>
    <subfield code="b">WIUC-1</subfield>
    <subfield code="c">GEN</subfield>
    <subfield code="d">2011-11-10</subfield>
    <subfield code="l">0</subfield>
    <subfield code="o">HB87.G93</subfield>
    <subfield code="p">704/11</subfield>
    <subfield code="r">2011-11-10 00:00:00</subfield>
    <subfield code="t">1</subfield>
    <subfield code="w">2011-11-10</subfield>
    <subfield code="y">BK</subfield>
  </datafield>
  <datafield tag="952" ind1=" " ind2=" ">
    <subfield code="0">0</subfield>
    <subfield code="1">0</subfield>
    <subfield code="2">lcc</subfield>
    <subfield code="4">0</subfield>
    <subfield code="7">0</subfield>
    <subfield code="a">WIUC-1</subfield>
    <subfield code="b">WIUC-1</subfield>
    <subfield code="c">GEN</subfield>
    <subfield code="d">2011-11-10</subfield>
    <subfield code="l">0</subfield>
    <subfield code="o">HB87.G931</subfield>
    <subfield code="p">705/11</subfield>
    <subfield code="r">2011-11-10 00:00:00</subfield>
    <subfield code="t">2</subfield>
    <subfield code="w">2011-11-10</subfield>
    <subfield code="y">BK</subfield>
  </datafield>
  <datafield tag="952" ind1=" " ind2=" ">
    <subfield code="0">0</subfield>
    <subfield code="1">0</subfield>
    <subfield code="2">lcc</subfield>
    <subfield code="4">0</subfield>
    <subfield code="7">0</subfield>
    <subfield code="a">WIUC-1</subfield>
    <subfield code="b">WIUC-1</subfield>
    <subfield code="c">GEN</subfield>
    <subfield code="d">2011-11-10</subfield>
    <subfield code="l">0</subfield>
    <subfield code="o">HB87.G932</subfield>
    <subfield code="p">706/11</subfield>
    <subfield code="r">2011-11-10 00:00:00</subfield>
    <subfield code="t">3</subfield>
    <subfield code="w">2011-11-10</subfield>
    <subfield code="y">BK</subfield>
  </datafield>
  <datafield tag="952" ind1=" " ind2=" ">
    <subfield code="0">0</subfield>
    <subfield code="1">0</subfield>
    <subfield code="2">lcc</subfield>
    <subfield code="4">0</subfield>
    <subfield code="7">0</subfield>
    <subfield code="a">WIUC-1</subfield>
    <subfield code="b">WIUC-1</subfield>
    <subfield code="c">GEN</subfield>
    <subfield code="d">2011-11-10</subfield>
    <subfield code="l">0</subfield>
    <subfield code="o">HB87.G933</subfield>
    <subfield code="p">707/11</subfield>
    <subfield code="r">2011-11-10 00:00:00</subfield>
    <subfield code="t">4</subfield>
    <subfield code="w">2011-11-10</subfield>
    <subfield code="y">BK</subfield>
  </datafield>
  <datafield tag="952" ind1=" " ind2=" ">
    <subfield code="0">0</subfield>
    <subfield code="1">0</subfield>
    <subfield code="2">lcc</subfield>
    <subfield code="4">0</subfield>
    <subfield code="7">0</subfield>
    <subfield code="a">WIUC-1</subfield>
    <subfield code="b">WIUC-1</subfield>
    <subfield code="c">GEN</subfield>
    <subfield code="d">2011-11-10</subfield>
    <subfield code="l">0</subfield>
    <subfield code="o">HB87.G934</subfield>
    <subfield code="p">708/11</subfield>
    <subfield code="r">2011-11-10 00:00:00</subfield>
    <subfield code="t">5</subfield>
    <subfield code="w">2011-11-10</subfield>
    <subfield code="y">BK</subfield>
  </datafield>
  <datafield tag="952" ind1=" " ind2=" ">
    <subfield code="0">0</subfield>
    <subfield code="1">0</subfield>
    <subfield code="2">lcc</subfield>
    <subfield code="4">0</subfield>
    <subfield code="7">0</subfield>
    <subfield code="a">WIUC-1</subfield>
    <subfield code="b">WIUC-1</subfield>
    <subfield code="c">GEN</subfield>
    <subfield code="d">2011-11-10</subfield>
    <subfield code="l">0</subfield>
    <subfield code="o">HB87.G935</subfield>
    <subfield code="p">709/11</subfield>
    <subfield code="r">2011-11-10 00:00:00</subfield>
    <subfield code="t">6</subfield>
    <subfield code="w">2011-11-10</subfield>
    <subfield code="y">BK</subfield>
  </datafield>
  <datafield tag="952" ind1=" " ind2=" ">
    <subfield code="0">0</subfield>
    <subfield code="1">0</subfield>
    <subfield code="2">lcc</subfield>
    <subfield code="4">0</subfield>
    <subfield code="7">0</subfield>
    <subfield code="a">WIUC-1</subfield>
    <subfield code="b">WIUC-1</subfield>
    <subfield code="c">GEN</subfield>
    <subfield code="d">2011-11-10</subfield>
    <subfield code="l">0</subfield>
    <subfield code="o">HB87.G936</subfield>
    <subfield code="p">710/11</subfield>
    <subfield code="r">2011-11-10 00:00:00</subfield>
    <subfield code="t">7</subfield>
    <subfield code="w">2011-11-10</subfield>
    <subfield code="y">BK</subfield>
  </datafield>
  <datafield tag="952" ind1=" " ind2=" ">
    <subfield code="0">0</subfield>
    <subfield code="1">0</subfield>
    <subfield code="2">lcc</subfield>
    <subfield code="4">0</subfield>
    <subfield code="7">0</subfield>
    <subfield code="a">WIUC-1</subfield>
    <subfield code="b">WIUC-1</subfield>
    <subfield code="c">GEN</subfield>
    <subfield code="d">2011-11-10</subfield>
    <subfield code="l">0</subfield>
    <subfield code="o">HB87.G937</subfield>
    <subfield code="p">711/11</subfield>
    <subfield code="r">2011-11-10 00:00:00</subfield>
    <subfield code="t">8</subfield>
    <subfield code="w">2011-11-10</subfield>
    <subfield code="y">BK</subfield>
  </datafield>
  <datafield tag="952" ind1=" " ind2=" ">
    <subfield code="0">0</subfield>
    <subfield code="1">0</subfield>
    <subfield code="2">lcc</subfield>
    <subfield code="4">0</subfield>
    <subfield code="7">0</subfield>
    <subfield code="a">WIUC-1</subfield>
    <subfield code="b">WIUC-1</subfield>
    <subfield code="c">GEN</subfield>
    <subfield code="d">2011-11-10</subfield>
    <subfield code="l">0</subfield>
    <subfield code="o">HB87.G938</subfield>
    <subfield code="p">712/11</subfield>
    <subfield code="r">2011-11-10 00:00:00</subfield>
    <subfield code="t">9</subfield>
    <subfield code="w">2011-11-10</subfield>
    <subfield code="y">BK</subfield>
  </datafield>
  <datafield tag="952" ind1=" " ind2=" ">
    <subfield code="0">0</subfield>
    <subfield code="1">0</subfield>
    <subfield code="2">lcc</subfield>
    <subfield code="4">0</subfield>
    <subfield code="7">0</subfield>
    <subfield code="a">WIUC-1</subfield>
    <subfield code="b">WIUC-1</subfield>
    <subfield code="c">GEN</subfield>
    <subfield code="d">2011-11-10</subfield>
    <subfield code="l">0</subfield>
    <subfield code="o">HB87.G939</subfield>
    <subfield code="p">713/11</subfield>
    <subfield code="r">2011-11-10 00:00:00</subfield>
    <subfield code="t">10</subfield>
    <subfield code="w">2011-11-10</subfield>
    <subfield code="y">BK</subfield>
  </datafield>
</record>
